| 000 | 00937nam a2200265 i 4500 | ||
|---|---|---|---|
| 003 | IT-RoINE | ||
| 005 | 20260204100728.0 | ||
| 008 | 051103s2005 sp r|||||||0|||spa|d | ||
| 020 | _a8496467074 | ||
| 040 |
_aSpMaBN _cSpMaBN IT-RoINE _dIT-RoINE |
||
| 100 | 1 |
_aEscudero, José Antonio, _d1936- _912488 |
|
| 245 | 1 | 0 |
_aEstudios sobre la Inquisición / _cJosé Antonio Escudero. |
| 260 |
_aMadrid : _bMarcial Pons Historia, _c2005. |
||
| 300 |
_a438 p. ; _c23 cm. |
||
| 336 |
_2rdacontent _atext |
||
| 337 |
_2rdamedia _aunmediated |
||
| 338 |
_2rdacarrier _avolume |
||
| 490 | 1 | _aBiblioteca clásica | |
| 500 | _aBajo al tít.: Colegio Universitario de Segovia. | ||
| 504 | _aIncluye referencias bibliográficas en notas. | ||
| 650 | 4 |
_aInquisición _zEspaña _911735 _xHistoria |
|
| 710 | 2 |
_aColegio Universitario de Segovia (España) _929964 |
|
| 830 |
_aBiblioteca clásica (Marcial Pons Historia) _918538 |
||
| 942 | _cMTS | ||
| 999 |
_c14800 _d14800 |
||